Представление документа в формате RUSMARC

ПолеНазваниеЗначение
  Тип записи a
  Библиографический уровень m
001 Контрольный номер RU/CBS_UL/BASE/745aaf801e7640b5816bee5e09cefd69
005 Дата корректировки 20260430154053.0
010 Индекс ISBN __
a ISBN 978-5-04-116676-2
b Уточнения в пер.
d Цена 24 р.06 к.
9 Тираж 10 000 экз.
100 Данные общей обработки __
a Данные общей обработки 20140724d2014 ||| 0rusy0189 ca
101 Язык документа 0_
a Язык текста rus
102 Страна публикации __
a Страна публикации RU
200 Заглавие и сведения об ответственности 1_
a Заглавие Преступление и наказание
e Сведения, относящиеся к заглавию [роман]
f Первые сведения об ответственности Ф. М. Достоевский
210 Выходные данные 1_
a Место издания Москва
c Издательство ЭКСМО
d Дата издания 2025
215 Физическое описание __
a Объем 587, [2] с.
d Формат 20,5 см.
225 Серия 0_
a Серия Всемирная литература (с картинкой)
300 Общие примечания __
a Общие примечания 16+
606 Тематические рубрики 0_
a Основная рубрика Русская литература, 19 в. - Романы
610 Ключевые слова 0_
a Ключевые слова классика русская
a Ключевые слова проблемы психологические
a Ключевые слова личность человека
a Ключевые слова преступления
a Ключевые слова раскаяние
a Ключевые слова наказание
a Ключевые слова разночинцы
a Ключевые слова произведения школьной программы
686 Индексы других классификаций __
a Классификационный индекс 84(2Рос=Рус)1
2 Код системы ББК
700 Автор _1
a Фамилия Достоевский
b Имя (инициалы) Ф. М.
g Полное личное имя Федор Михайлович
801 Источник записи _0
a Страна RU
b Организация МБУК ЦБС г. Ульяновска
c Дата составления 20140724
g Правила каталогизации RCR
801 Источник записи _1
a Страна RU
b Организация МБУК ЦБС г. Ульяновска
c Дата составления 20140724
g Правила каталогизации RCR
899 Данные о местонахождении __
i Авторский знак Д 70
j Расстановочный фильтр Р1
900 Электронные ресурсы __
a Имя электронного ресурса ф. достоевский преступление вл
901 Тип документа __
t Тип документа m